000 00251nam a22000977a 4500
999 _c11811
_d11811
008 200220b ||||| |||| 00| 0 eng d
020 _a059046406X
100 _aHenkes Kevin
_97419
245 _aSheila Rae, The Brave
260 _aNew Year
_bScholastic
_c1993